000 00500nam a2200181Ia 4500
008 090201s9999 xx 000 0 und d
010 _aKPL-68089
040 _bमराठी
041 _aमराठी
082 _a46582
_b68089
100 _aशुभदा साने
245 _aतरंग
_cशुभदा साने
250 _a1
260 _c2005
_bसानिया प्रकाशन
300 _a143
_bमोठा
600 _aतरंग
942 _cBOOK
999 _c243401
_d243401